00564nam a2200181Ia 450000500170000000800410001702000150005808200080007310000110008124500810009226000660017330000160023965000120025565000090026794200060027695200850028299900150036720250106053918.0240331s9999 xx 000 0 und d a0253207851 a951 aChow,R 0aWriting diaspore :btactics of intervention in contemporary cultural studies a Bloomington and IndianapolisbIndiana University Pressc1993 ax, 223 p ., aCulture aArts cL 001040708LaWERCLbWERCLcSSCd2024-03-31l0p4185r2024-03-31w2024-03-31yL c4437d4437